| 000 | 00629nam a22002057a 4500 | ||
|---|---|---|---|
| 005 | 20241218144022.0 | ||
| 010 | _aENG-143077 | ||
| 020 | _c400.00 | ||
| 035 | _aEN-126609 | ||
| 037 | _bDBAD | ||
| 082 | _a004 | ||
| 100 |
_aBhattacharya, J _975391 |
||
| 245 |
_aRudiments Of Computer Science/ _bBy J Bhattacharya |
||
| 260 |
_aKolkata _bAcademic Publications _c2024 |
||
| 270 |
_bKolkata _e700073 _mcontact@academicpublishers.in |
||
| 300 |
_a291p.; _c27cm(pb) |
||
| 490 | _v1 | ||
| 500 | _aBased On New Curriculum of West Bengal Council For Higher Secondary Education 2024 | ||
| 942 |
_2ddc _cEN _mBHA _h004 |
||
| 999 |
_c207807 _d207807 |
||